000
00317nam a2200109Ia 4500
008
171205s9999 xx 000 0 und d
020
_a
9789715426732
100
_a
Ortiz, Will P.
245
_c
Will P. Ortiz
_a
Bugtong ng Buwan at iba pang kuwento
260
_b
University of the Philippines
_c
2011
300
_a
117 pages
999
_c
347362
_d
347362